[Event "GAMMA Reykjavik Open 2019"]
[Site "Reykjavik ISL"]
[Date "2019.04.10"]
[Round "4.12"]
[White "Sarkar, Justin"]
[Black "Fier, Alexandr"]
[Result "1/2-1/2"]
[WhiteTitle "IM"]
[BlackTitle "GM"]
[WhiteElo "2337"]
[BlackElo "2570"]
[WhiteFideId "2010011"]
[BlackFideId "2107139"]
[EventDate "2019.04.08"]

1. d4 Nf6 2. c4 c5 3. d5 e6 4. Nc3 exd5 5. cxd5 d6 6. e4 g6 7. f4 Bg7 8. Nf3 O-O
9. Bd3 b5 10. Bxb5 Nxe4 11. Nxe4 Qa5+ 12. Kf2 Qxb5 13. Nxd6 Qb6 14. Nxc8 Rxc8
15. Qb3 Qd6 16. Ne5 Nd7 17. Nc6 Nb8 18. Ne5 Na6 19. Rd1 c4 20. Nxc4 Qc5+ 21. Ne3
Rab8 22. Qd3 Nb4 23. Qe4 Re8 24. Qc4 Qd6 25. Bd2 f5 26. g3 Re4 27. Bxb4 Rxb4 28.
Qc8+ Kf7 29. Rac1 Rxb2+ 30. Kf3 Qe7 31. Re1 Qf8 32. Nxf5 Rxe1 33. Rxe1 Qxc8 34.
Nd6+ Kf8 35. Nxc8 Rxa2 36. d6 Rd2 37. Re7 a5 38. Ra7 Bc3 39. h4 h5 40. d7 Bf6
41. Nb6 Rd3+ 42. Ke2 Rxg3 43. Ra8+ Kf7 44. d8=Q Bxd8 45. Rxd8 Rh3 46. Rd5 Rxh4
47. Kf3 Rh3+ 48. Ke4 Rb3 49. Nc4 Rb4 50. Kd4 a4 51. Rd6 Kg7 52. Kc5 Rb3 53. Ne5
a3 54. Rxg6+ Kh7 55. f5 a2 56. Ra6 Rb2 57. f6 Rf2 58. f7 Kg7 59. Kd6 h4 60. Ke7
Rf5 61. Rg6+ Kh7 62. Rg1 Rxe5+ 63. Kf6 Re3 64. f8=Q Rf3+ 65. Ke7 Rxf8 66. Kxf8
Kh6 67. Kf7 a1=Q 68. Rxa1 Kg5 69. Ke6 h3 70. Ke5 Kg4 71. Ra4+ Kg3 72. Ra3+ Kg2
73. Kf4 h2 74. Ra2+ Kh3 75. Ra1 Kg2 76. Kg4 h1=Q 77. Ra2+ Kg1 78. Ra1+ Kg2 79.
Rxh1 Kxh1 1/2-1/2

[Event "GAMMA Reykjavik Open 2019"]
[Site "Reykjavik ISL"]
[Date "2019.04.10"]
[Round "4.13"]
[White "Stefansson, Hannes"]
[Black "Alashtar, Aasef"]
[Result "1-0"]
[WhiteTitle "GM"]
[WhiteElo "2558"]
[BlackElo "1905"]
[WhiteFideId "2300087"]
[BlackFideId "7600607"]
[EventDate "2019.04.08"]

1. e4 e6 2. d4 d5 3. Nc3 dxe4 4. Nxe4 Bd7 5. Bd3 Bc6 6. Ne2 Nf6 7. f3 Nxe4 8.
fxe4 Bd6 9. O-O e5 10. Ng3 Be7 11. Nf5 Bf6 12. Qf3 exd4 13. Nxg7+ Kf8 14. Bh6 1-0

[Event "GAMMA Reykjavik Open 2019"]
[Site "Reykjavik ISL"]
[Date "2019.04.10"]
[Round "4.14"]
[White "Lagarde, Maxime"]
[Black "Pedersen, Soren Sandmann"]
[Result "1-0"]
[WhiteTitle "GM"]
[WhiteElo "2612"]
[BlackElo "1724"]
[WhiteFideId "662399"]
[BlackFideId "30929717"]
[EventDate "2019.04.08"]

1. b3 e5 2. Bb2 Nc6 3. e3 Nf6 4. c4 d5 5. cxd5 Nxd5 6. a3 Bd6 7. d3 O-O 8. Nf3
Qe7 9. Nbd2 f5 10. b4 Kh8 11. Qc2 Nf6 12. b5 Nd8 13. Nc4 e4 14. Nfe5 Nf7 15. d4
Bxe5 16. dxe5 Nd7 17. Rc1 Ng5 18. Na5 Ne6 19. Bc4 Ndc5 20. O-O b6 21. Nc6 Qg5
22. f4 Qh4 23. Nd4 Qe7 24. a4 a5 25. Ba3 Rd8 26. Bxe6 Bxe6 27. Bxc5 bxc5 28.
Qxc5 1-0

[Event "GAMMA Reykjavik Open 2019"]
[Site "Reykjavik ISL"]
[Date "2019.04.10"]
[Round "4.17"]
[White "Stefansson, Vignir Vatnar"]
[Black "Hjartarson, Johann"]
[Result "0-1"]
[WhiteTitle "FM"]
[BlackTitle "GM"]
[WhiteElo "2293"]
[BlackElo "2520"]
[WhiteFideId "2308649"]
[BlackFideId "2300044"]
[EventDate "2019.04.08"]

1. d4 Nf6 2. c4 e6 3. g3 c5 4. d5 exd5 5. cxd5 d6 6. Nc3 g6 7. Bg2 Bg7 8. Nf3
O-O 9. O-O a6 10. a4 Nbd7 11. Nd2 Re8 12. h3 Rb8 13. Nc4 Nb6 14. Na3 Bd7 15. a5
Nc8 16. Nc4 Bb5 17. Qb3 Bxc4 18. Qxc4 Nd7 19. Bf4 Ne5 20. Qa4 h6 21. h4 b5 22.
axb6 Rxb6 23. Bxe5 Rxe5 24. Qc2 Qd7 25. Ra2 h5 26. Rfa1 Qb7 27. e3 Re8 28. Bf1
a5 29. Bc4 Rb4 30. Qe2 Ne7 31. Nb5 Nf5 32. Rxa5 Rxb2 33. Qd3 Qe7 34. Ra7 Qe5 35.
R1a2 Rxa2 36. Rxa2 Nxg3 37. fxg3 Qxg3+ 38. Rg2 Qe1+ 39. Qf1 Qxe3+ 40. Qf2 Qc1+
41. Bf1 Re1 42. Rg3 Be5 43. Rf3 f5 44. Kg2 Re4 45. Kh3 Bf6 46. Nxd6 Rxh4+ 47.
Qxh4 Bxh4 48. Kxh4 Qe1+ 49. Kh3 f4 50. Nc4 Qd1 51. Rxf4 Qxd5 52. Bg2 Qd7+ 53.
Kg3 Kg7 54. Re4 g5 55. Bf3 Qc7+ 56. Kg2 h4 57. Rg4 Qd8 58. Re4 Qb8 59. Rg4 Kf6
60. Be2 Qa8+ 61. Bf3 Qa2+ 62. Kh3 Qf2 63. Bg2 Qe2 64. Bh1 Qd3+ 65. Kh2 Qd1 66.
Re4 g4 67. Bg2 h3 68. Ne3 Qd6+ 69. Kg1 hxg2 70. Rxg4 Qd2 71. Rf4+ Ke6 72. Re4+
Kd7 73. Nxg2 Kc6 74. Kf1 Kb5 75. Re2 Qh6 76. Ne3 c4 77. Ke1 Kb4 78. Nd5+ Kb3 79.
Re3+ Kb2 80. Re2+ Kc1 81. Ne3 Qh4+ 82. Kf1 Qf4+ 83. Ke1 Kb1 84. Kd1 c3 85. Ke1
Qg3+ 86. Kf1 Qf3+ 87. Ke1 Qf4 88. Kd1 Qxe3 89. Rb2+ Ka1 90. Rb1+ Ka2 0-1

[Event "GAMMA Reykjavik Open 2019"]
[Site "Reykjavik ISL"]
[Date "2019.04.10"]
[Round "4.19"]
[White "Sohal, Tanraj"]
[Black "Tang, Andrew"]
[Result "0-1"]
[WhiteTitle "FM"]
[BlackTitle "GM"]
[WhiteElo "2280"]
[BlackElo "2501"]
[WhiteFideId "2608499"]
[BlackFideId "2059630"]
[EventDate "2019.04.08"]

1. d4 d5 2. c4 e6 3. Nc3 Be7 4. Nf3 Nf6 5. Bg5 h6 6. Bh4 O-O 7. e3 b6 8. Bd3 Bb7
9. O-O Nbd7 10. Bg3 Nh5 11. cxd5 Nxg3 12. hxg3 exd5 13. Rc1 Nf6 14. Ne5 a6 15.
Bb1 Bd6 16. Qf3 Re8 17. Nc4 Bf8 18. Ne5 Rb8 19. Rfd1 Bd6 20. e4 Bxe5 21. dxe5
Rxe5 22. Nxd5 Bxd5 23. exd5 Qd7 24. Qc3 Rbe8 25. a3 Qg4 26. Qf3 Qg5 27. Qf4 Qh5
28. f3 Nxd5 29. Qa4 b5 30. Qxa6 Ne3 31. Re1 Ng4 32. fxg4 Rxe1+ 33. Rxe1 Rxe1+
34. Kf2 Qe5 35. Qc8+ Qe8 36. Bf5 Re2+ 37. Kf3 Qxc8 38. Bxc8 Rxb2 0-1

[Event "GAMMA Reykjavik Open 2019"]
[Site "Reykjavik ISL"]
[Date "2019.04.10"]
[Round "4.20"]
[White "Loiseau, Quentin"]
[Black "Ortega Ruiz, Jose Miguel"]
[Result "1-0"]
[WhiteTitle "IM"]
[BlackTitle "FM"]
[WhiteElo "2461"]
[BlackElo "2281"]
[WhiteFideId "665274"]
[BlackFideId "2209713"]
[EventDate "2019.04.08"]

1. Nf3 Nf6 2. c4 e6 3. g3 d5 4. d4 dxc4 5. Bg2 c5 6. O-O Nc6 7. dxc5 Qxd1 8.
Rxd1 Bxc5 9. Nbd2 c3 10. bxc3 Bd7 11. Nb3 Be7 12. Nfd4 Rc8 13. Rb1 O-O 14. Be3
Nd8 15. Nf3 Nd5 16. c4 Rxc4 17. Ne5 Rc7 18. Bxa7 Nc6 19. Bxd5 Nxe5 20. Bb6 Rc2
21. Nd4 Rxe2 22. Nxe2 exd5 23. f4 Nc4 24. Bf2 Bg4 25. Rxb7 Bf6 26. Re1 Nd2 27.
Kg2 Bf3+ 28. Kh3 d4 29. Rb2 Nc4 30. Rb3 d3 31. Rxd3 Be4 32. Rb3 Nd2 33. Re3 h5
34. Rd1 Bf5+ 35. Kg2 Nc4 36. Rb3 Ra8 37. Nc3 Bc2 38. Rc1 Bxb3 39. axb3 Nd2 40.
Nd5 Nxb3 41. Rd1 Ra2 42. Nxf6+ gxf6 43. Rd5 Nd2 44. Be1 Nc4+ 45. Kh3 Ne3 46.
Rxh5 Kg7 47. g4 Nf1 48. Bg3 Ra3 49. Rb5 Nxg3 50. hxg3 Ra1 51. g5 fxg5 52. Rxg5+
Kf6 53. Kg4 Ra3 54. Rb5 Ra1 55. Rb6+ Kg7 56. Kg5 Ra5+ 57. f5 Rc5 58. g4 Ra5 59.
Kh5 Rc5 60. Rb2 Ra5 61. Rf2 Rb5 62. g5 Rb1 63. Rh2 Rg1 64. f6+ Kh7 65. Rh3 Rg2
66. Rh1 Rg3 67. Ra1 Rg2 68. Ra8 Rg1 69. Rf8 Rh1+ 70. Kg4 Rg1+ 71. Kf5 Rf1+ 72.
Ke5 Re1+ 73. Kd6 Kg6 74. Rg8+ Kf5 75. Kd7 Re2 76. Re8 Ra2 77. Ke7 Ra7+ 78. Kf8
Kg6 79. Kg8 Rb7 80. Ra8 Rc7 81. Kh8 1-0

[Event "GAMMA Reykjavik Open 2019"]
[Site "Reykjavik ISL"]
[Date "2019.04.10"]
[Round "4.22"]
[White "Deglmann, Ludwig"]
[Black "Kjartansson, Gudmundur"]
[Result "0-1"]
[WhiteTitle "FM"]
[BlackTitle "IM"]
[WhiteElo "2275"]
[BlackElo "2444"]
[WhiteFideId "4622235"]
[BlackFideId "2301318"]
[EventDate "2019.04.08"]

1. c4 e6 2. Nf3 d5 3. g3 Nf6 4. Bg2 Be7 5. O-O O-O 6. b3 c5 7. Bb2 Nc6 8. e3 d4
9. exd4 cxd4 10. Re1 Re8 11. a3 a5 12. Ne5 Nxe5 13. Rxe5 Nd7 14. Rb5 Nc5 15. b4
axb4 16. axb4 Rxa1 17. Bxa1 Na6 18. Bxb7 Nc7 19. Rb6 Nd5 20. Rb5 Bd7 21. cxd5
Bxb5 22. dxe6 Bc4 23. Bc6 Rf8 24. Qg4 Bxe6 25. Qxd4 Qxd4 26. Bxd4 Bxb4 27. Nc3
Rd8 28. Be3 Bxc3 29. dxc3 Rc8 30. Bf3 Rxc3 31. g4 Rc4 32. h3 h5 33. gxh5 Bxh3
34. h6 g6 35. Bd5 Rc7 36. Kh2 Bc8 37. Kg3 Kh7 38. Kf4 Kxh6 39. Ke5+ Kg7 40. Bg5
Ra7 41. Bf6+ Kg8 42. Kd6 Kf8 43. f4 Ra6+ 44. Ke5 Be6 45. Be4 Ke8 46. Bg5 Bd7 47.
Bd5 Rb6 48. Bc4 Be6 49. Bd3 Bc8 50. Bc4 Bd7 51. Bd5 Be6 52. Be4 Ba2 53. f5 Bb1
54. Bxb1 Rxb1 55. fxg6 Rb5+ 56. Kf6 Rb6+ 57. Ke5 fxg6 58. Bd2 Kf7 59. Kf4 Rb2
60. Be3 Rb3 61. Bc5 g5+ 62. Kg4 Kg6 63. Bd6 Rc3 64. Be7 Rc4+ 65. Kh3 Kf5 66. Bd6
Rh4+ 67. Kg3 Rd4 68. Bc7 Rd3+ 0-1

[Event "GAMMA Reykjavik Open 2019"]
[Site "Reykjavik ISL"]
[Date "2019.04.10"]
[Round "4.26"]
[White "Abbas, Daniel"]
[Black "Eggleston, David J"]
[Result "0-1"]
[WhiteTitle "FM"]
[BlackTitle "IM"]
[WhiteElo "2253"]
[BlackElo "2401"]
[WhiteFideId "423831"]
[BlackFideId "412120"]
[EventDate "2019.04.08"]

1. e4 c5 2. Nf3 d6 3. Bb5+ Nd7 4. O-O Nf6 5. Re1 a6 6. Bd3 e6 7. c3 Be7 8. Bc2
b5 9. d4 cxd4 10. cxd4 O-O 11. Nc3 Bb7 12. a3 Rc8 13. h3 Re8 14. Bd3 e5 15. d5
g6 16. Bd2 Bf8 17. b4 Nb6 18. a4 bxa4 19. Nxa4 Bg7 20. Nxb6 Qxb6 21. Be3 Qc7 22.
Ra3 Nxd5 23. exd5 e4 24. Bxa6 exf3 25. Qxf3 Bxa6 26. Rxa6 Qb7 27. Ra4 Re5 28.
Rd1 Rf5 29. Qe4 Qb5 30. Ra2 Re5 31. Qd3 Qxb4 32. Rc2 Rce8 33. Rc4 Qa5 34. Rc6
Bf8 35. Ra6 Qb4 36. Rb1 Rxd5 37. Qxg6+ hxg6 38. Rxb4 Bg7 39. Ra7 Be5 40. Bf4
Rd1+ 41. Kh2 Bd4 42. Rd7 Bxf2 43. Rxd6 Rf1 44. Rb2 Ra8 45. Be5 Bc5 46. Rd5 Bg1+
47. Kg3 Rf5 48. Ra5 Re8 49. Rbb5 Bf2+ 50. Kh2 Be1 51. g4 Bxa5 52. gxf5 Rxe5 53.
Rxe5 Bc7 54. fxg6 Bxe5+ 55. Kg2 fxg6 56. h4 Kg7 57. h5 g5 0-1

[Event "GAMMA Reykjavik Open 2019"]
[Site "Reykjavik ISL"]
[Date "2019.04.10"]
[Round "4.30"]
[White "Aasen, Kjetil Myrlid"]
[Black "Gupta, Abhijeet"]
[Result "0-1"]
[BlackTitle "GM"]
[WhiteElo "1861"]
[BlackElo "2602"]
[WhiteFideId "1539027"]
[BlackFideId "5010608"]
[EventDate "2019.04.08"]

1. e4 c5 2. d4 cxd4 3. c3 dxc3 4. Nxc3 e6 5. Nf3 a6 6. Bc4 b5 7. Bb3 Bb7 8. Qe2
d6 9. O-O Nd7 10. Rd1 Ngf6 11. Bg5 Be7 12. a3 Qb8 13. Rac1 O-O 14. h4 Re8 15.
Bf4 Bf8 16. Nh2 Ne5 17. g4 g6 18. h5 Bg7 19. h6 Bf8 20. Bg5 Nfd7 21. Be3 Nc5 22.
Bxc5 dxc5 23. f4 Nc6 24. e5 Nd4 25. Rxd4 cxd4 26. Ne4 Bxe4 27. Qxe4 d3 28. g5 d2
29. Rd1 Qb6+ 30. Kg2 Red8 31. Ng4 Be7 32. Kf3 Rac8 33. Nf6+ Bxf6 34. exf6 Rd4
35. Qe3 Rcd8 36. Rxd2 Qc6+ 0-1

[Event "GAMMA Reykjavik Open 2019"]
[Site "Reykjavik ISL"]
[Date "2019.04.10"]
[Round "4.31"]
[White "Djukic, Nikola"]
[Black "Magnusson, Magnus"]
[Result "1-0"]
[WhiteTitle "GM"]
[WhiteElo "2566"]
[BlackElo "2006"]
[WhiteFideId "922412"]
[BlackFideId "2302128"]
[EventDate "2019.04.08"]

1. e4 e5 2. Nf3 Nc6 3. Bb5 a6 4. Ba4 Nf6 5. O-O Nxe4 6. d4 b5 7. Bb3 d5 8. dxe5
Be6 9. Nbd2 Nxd2 10. Qxd2 Qd7 11. a4 b4 12. a5 Na7 13. c3 Rb8 14. Nd4 c5 15. Ba4
Nb5 16. Nxe6 fxe6 17. c4 dxc4 18. Qe2 Qd3 19. Qg4 Qf5 20. Qxc4 Be7 21. Bc2 Qf7
22. Be3 O-O 23. Bb3 Nc7 24. Bxc5 Rb5 25. Be3 Nd5 26. Qc6 Qf5 27. Qxa6 Rbb8 28.
Bxd5 exd5 29. Bd4 Bg5 30. Qc6 Qe4 31. Rad1 Rbd8 32. Bb6 1-0

[Event "GAMMA Reykjavik Open 2019"]
[Site "Reykjavik ISL"]
[Date "2019.04.10"]
[Round "4.32"]
[White "Mai, Alexander Oliver"]
[Black "Saduakassova, Dinara"]
[Result "1/2-1/2"]
[BlackTitle "IM"]
[WhiteElo "2003"]
[BlackElo "2461"]
[WhiteFideId "2313391"]
[BlackFideId "13700090"]
[EventDate "2019.04.08"]

1. e4 e5 2. Nf3 Nc6 3. Nc3 Nf6 4. Bb5 Nd4 5. Nxd4 exd4 6. Nd5 Be7 7. Nxf6+ Bxf6
8. O-O O-O 9. Bc4 d6 10. Qf3 c6 11. d3 a5 12. a4 Be5 13. Qe2 Bd7 14. Bd2 Qc7 15.
Bb3 Rae8 16. f4 Bf6 17. Qh5 b6 18. f5 d5 19. Rf3 g6 20. Qh6 Bg7 21. Qh4 Qe5 22.
Bf4 Qf6 23. Bg5 Qe5 24. Bf4 Qf6 25. Bg5 Qe5 26. Bf4 1/2-1/2

[Event "GAMMA Reykjavik Open 2019"]
[Site "Reykjavik ISL"]
[Date "2019.04.10"]
[Round "4.33"]
[White "Thorsteinsdottir, Gudlaug"]
[Black "Low, Zhen Yu Cyrus"]
[Result "0-1"]
[WhiteTitle "WFM"]
[BlackTitle "IM"]
[WhiteElo "1984"]
[BlackElo "2418"]
[WhiteFideId "2300753"]
[BlackFideId "5804175"]
[EventDate "2019.04.08"]

1. d4 Nf6 2. c4 g6 3. Nc3 d5 4. cxd5 Nxd5 5. e4 Nxc3 6. bxc3 Bg7 7. Bc4 c5 8.
Ne2 Nc6 9. Be3 O-O 10. O-O b6 11. Rc1 Bb7 12. f3 Rc8 13. Qd2 e6 14. Rfd1 Qd7 15.
Bh6 Rfd8 16. Bxg7 Kxg7 17. Qe3 Na5 18. Bb3 Qe7 19. Ng3 Qf6 20. e5 Qh4 21. Bc2
Nc4 22. Qf2 Qf4 23. Be4 Bxe4 24. Nxe4 cxd4 25. cxd4 Ne3 26. Qd2 Nd5 27. Rxc8
Rxc8 28. Qxf4 Nxf4 29. Rd2 Rc4 30. Kf2 Nd5 31. g4 h6 32. h4 Ra4 33. g5 Nb4 34.
Kg3 Rxa2 35. Rd1 Rc2 36. gxh6+ Kxh6 37. h5 g5 38. Nf6 Nd5 39. Ng4+ Kxh5 40. Rh1+
Kg6 41. Rh6+ Kg7 0-1

[Event "GAMMA Reykjavik Open 2019"]
[Site "Reykjavik ISL"]
[Date "2019.04.10"]
[Round "4.37"]
[White "Ragnarsson, Dagur"]
[Black "Fabregas, Oliver"]
[Result "1-0"]
[WhiteTitle "FM"]
[WhiteElo "2380"]
[BlackElo "1922"]
[WhiteFideId "2304058"]
[BlackFideId "4609719"]
[EventDate "2019.04.08"]

1. d4 Nf6 2. Nf3 c5 3. d5 b5 4. Bg5 d6 5. a4 b4 6. c4 g6 7. Nbd2 Bg7 8. e4 Bg4
9. Bd3 a5 10. h3 Bxf3 11. Nxf3 Nbd7 12. Nd2 O-O 13. b3 e5 14. dxe6 fxe6 15. O-O
Qc7 16. Ra2 Ne5 17. Bb1 Nc6 18. f4 Nh5 19. g4 Bd4+ 20. Kg2 Ng7 21. Nf3 Rae8 22.
Re2 Qd7 23. Qd3 Rc8 24. Kh1 Ne8 25. Rg2 Qg7 26. f5 h6 27. Bc1 e5 28. g5 h5 29.
Nh4 Rxf5 30. exf5 Qb7 31. Qf3 Rc7 32. Be4 1-0

[Event "GAMMA Reykjavik Open 2019"]
[Site "Reykjavik ISL"]
[Date "2019.04.10"]
[Round "4.38"]
[White "Ragnarsson, Johann"]
[Black "Van de Plassche, Bas"]
[Result "0-1"]
[BlackTitle "FM"]
[WhiteElo "1974"]
[BlackElo "2376"]
[WhiteFideId "2301040"]
[BlackFideId "1001965"]
[EventDate "2019.04.08"]

1. d4 Nf6 2. c4 c5 3. d5 e6 4. Nc3 exd5 5. cxd5 d6 6. e4 g6 7. f3 Bg7 8. Bg5 h6
9. Be3 a6 10. a4 Nbd7 11. Qd2 Ne5 12. a5 Rb8 13. g3 b5 14. h3 Nh5 15. Kf2 f5 16.
Re1 b4 17. Nd1 fxe4 18. f4 O-O 19. Kg2 Nf7 20. g4 Nf6 21. g5 hxg5 22. fxg5 Nh5
23. Be2 Ne5 24. Nf2 Bf5 25. Ng4 Qxa5 26. Nxe5 Bxe5 27. Bxh5 gxh5 28. Ne2 Qd8 29.
Rhg1 Qd7 30. Rh1 Bxh3+ 31. Rxh3 Qg4+ 32. Ng3 Rf3 33. Bf2 Rbf8 34. Re2 e3 0-1

[Event "GAMMA Reykjavik Open 2019"]
[Site "Reykjavik ISL"]
[Date "2019.04.10"]
[Round "4.40"]
[White "Valtysson, Thor"]
[Black "Visser, Henk-Jan"]
[Result "0-1"]
[WhiteElo "1915"]
[BlackElo "2269"]
[WhiteFideId "2301903"]
[BlackFideId "1010204"]
[EventDate "2019.04.08"]

1. d4 Nf6 2. Nf3 d5 3. Bf4 c5 4. e3 Nc6 5. c3 Qb6 6. Qc1 Bf5 7. Nbd2 e6 8. dxc5
Bxc5 9. Nb3 Be7 10. Nbd4 Be4 11. Nb5 Rc8 12. Nbd4 Nh5 13. Nxc6 bxc6 14. Nd2 Bg6
15. Bg3 Nxg3 16. hxg3 Rb8 17. b4 a5 18. a3 O-O 19. Be2 Rfe8 20. O-O axb4 21.
axb4 c5 22. Ra6 Qc7 23. b5 c4 24. Qb2 Qb7 25. Rfa1 Qxb5 26. Qxb5 Rxb5 27. Nf3
Bf6 28. Nd4 Bxd4 29. exd4 h6 30. Rc1 Reb8 31. Raa1 Rb2 32. Bf1 Kh7 0-1

[Event "GAMMA Reykjavik Open 2019"]
[Site "Reykjavik ISL"]
[Date "2019.04.10"]
[Round "4.42"]
[White "Fivelstad, Jon Olav"]
[Black "Bewersdorff, Oliver"]
[Result "0-1"]
[BlackTitle "FM"]
[WhiteElo "1883"]
[BlackElo "2261"]
[WhiteFideId "1510339"]
[BlackFideId "4602897"]
[EventDate "2019.04.08"]

1. e4 c5 2. Nf3 Nc6 3. d4 cxd4 4. Nxd4 e5 5. Nb5 d6 6. a4 Be6 7. N1c3 a6 8. Na3
Be7 9. Nc4 Nf6 10. Bg5 Nd4 11. Bxf6 Bxf6 12. a5 O-O 13. Nb6 Rb8 14. Ncd5 Nc6 15.
b4 Bg5 16. Bd3 Qe8 17. O-O Bd8 18. c3 Kh8 19. Qh5 Ne7 20. c4 g6 21. Qd1 Nc6 22.
b5 axb5 23. cxb5 Nxa5 24. Qa4 Nb3 25. Qxb3 Bxb6 26. Bc4 Bd4 27. Rac1 Rc8 28. Qb4
Qd8 29. Bb3 Qh4 30. Rce1 Rc5 31. Kh1 Bxd5 32. Bxd5 Bc3 0-1

[Event "GAMMA Reykjavik Open 2019"]
[Site "Reykjavik ISL"]
[Date "2019.04.10"]
[Round "4.43"]
[White "Stoyanov, Viktor"]
[Black "Davidsson, Oskar Vikingur"]
[Result "1/2-1/2"]
[WhiteElo "2238"]
[BlackElo "1872"]
[WhiteFideId "450308"]
[BlackFideId "2310627"]
[EventDate "2019.04.08"]

1. c4 c5 2. Nf3 Nc6 3. e3 g6 4. d4 Bg7 5. d5 Ne5 6. Nxe5 Bxe5 7. Bd3 d6 8. O-O
Bg7 9. e4 Nf6 10. Nc3 O-O 11. h3 b6 12. Be3 Bb7 13. Qc2 Kh8 14. Rab1 e5 15. Be2
Bc8 16. a3 Ne8 17. b4 f5 18. exf5 gxf5 19. f4 e4 20. Nd1 Bd4 21. Qd2 Qf6 22. Rb3
Rg8 23. Kh1 Bd7 24. b5 Rg7 25. Rg1 Nc7 26. Bf2 Bxf2 27. Nxf2 Qd4 28. Qe3 Rag8
29. Kh2 Ne8 30. g3 Nf6 31. Rd1 Qxe3 32. Rxe3 h5 33. h4 Ng4+ 34. Bxg4 hxg4 35. a4
Ra8 36. a5 Rgg8 37. Ra1 a6 38. axb6 axb5 39. Rea3 Rxa3 40. Rxa3 Rb8 41. Ra7 Bc8
42. cxb5 Bb7 43. Nd1 Bxd5 44. Ne3 Bg8 45. Nxf5 Rxb6 46. Ra6 Rxb5 47. Rxd6 c4 48.
Ne3 Rb2+ 49. Kg1 Re2 50. Nd1 Rc2 51. Kf1 Rc1 52. Ke2 c3 53. Rc6 c2 54. Ne3 Bb3
55. Rc3 Rg1 56. Nxc2 Bxc2 57. Rxc2 Rg2+ 58. Kd1 Rxg3 59. Rc4 Rf3 60. Rxe4 g3 61.
Re2 Rxf4 62. h5 Kg7 63. Re3 Kh6 64. Rxg3 Kxh5 1/2-1/2

[Event "GAMMA Reykjavik Open 2019"]
[Site "Reykjavik ISL"]
[Date "2019.04.10"]
[Round "4.45"]
[White "Haraldsson, Leif"]
[Black "Ghazarian, Kirk"]
[Result "0-1"]
[WhiteElo "1851"]
[BlackElo "2209"]
[WhiteFideId "1710648"]
[BlackFideId "30908604"]
[EventDate "2019.04.08"]

1. f4 Nf6 2. Nf3 g6 3. g3 b6 4. Bg2 Bg7 5. c3 Bb7 6. d3 d5 7. O-O O-O 8. Na3 c5
9. Nc2 Nbd7 10. Qe1 Qc7 11. e3 e5 12. h3 Ba6 13. Qd2 e4 14. Nfe1 exd3 15. Nxd3
Ne4 16. Qd1 Nxg3 17. Bxd5 Rad8 18. Rf3 Nf5 19. c4 0-1

[Event "GAMMA Reykjavik Open 2019"]
[Site "Reykjavik ISL"]
[Date "2019.04.10"]
[Round "4.46"]
[White "Ford, Clifton P"]
[Black "Kristjansson, Atli Freyr"]
[Result "0-1"]
[WhiteElo "1813"]
[BlackElo "2198"]
[WhiteFideId "30919487"]
[BlackFideId "2302268"]
[EventDate "2019.04.08"]

1. d4 Nf6 2. c4 g6 3. Nc3 d5 4. Nf3 Bg7 5. cxd5 Nxd5 6. Qb3 Nxc3 7. bxc3 c5 8.
e3 O-O 9. Be2 Qc7 10. O-O b6 11. Ba3 Nd7 12. Rac1 Bb7 13. Rfd1 Rfd8 14. Bc4 e6
15. Bxe6 fxe6 16. Qxe6+ Kh8 17. Ng5 Rf8 18. Nf7+ Rxf7 19. Qxf7 Qc6 20. d5 Qa4
21. Bb2 Rf8 22. Qe6 Bc8 23. d6 Ne5 24. Qe7 Qxa2 25. Rd2 Qc4 26. Rcd1 Nd7 27. f3
Bf6 28. Qe4 Qxe4 29. fxe4 Bb7 30. c4 Bxb2 31. Rxb2 Bxe4 32. Ra2 a5 33. h3 Kg7
34. Kh2 Rf6 35. Kg3 Kf7 36. Rdd2 Ke6 37. Rab2 Ke5 38. Rxb6 Nxb6 39. d7 Nxd7 40.
Rxd7 Ra6 41. Re7+ Kf5 42. Rxh7 a4 0-1

[Event "GAMMA Reykjavik Open 2019"]
[Site "Reykjavik ISL"]
[Date "2019.04.10"]
[Round "4.47"]
[White "Walton, Alan J"]
[Black "Williams, Mike"]
[Result "1/2-1/2"]
[WhiteTitle "CM"]
[WhiteElo "2132"]
[BlackElo "1837"]
[WhiteFideId "409898"]
[BlackFideId "2060396"]
[EventDate "2019.04.08"]

1. d4 d5 2. c4 c6 3. Nc3 dxc4 4. a4 Nf6 5. Nf3 Bf5 6. Ne5 Nbd7 7. Nxc4 Nb6 8.
Ne5 a5 9. f3 e6 10. e4 Bg6 11. Be3 Bb4 12. Be2 O-O 13. O-O Nbd7 14. Nxd7 Nxd7
15. Qc2 f5 16. Bc4 Bf7 17. Ne2 Qf6 18. Rad1 e5 19. exf5 Bxc4 20. Qxc4+ Kh8 21.
Ng3 Nb6 22. Qc1 Nxa4 23. Bg5 Qd6 24. Ne4 Qd5 25. f6 exd4 26. fxg7+ Kxg7 27. Bf6+
Rxf6 28. Nxf6 Kxf6 29. Qh6+ Kf7 30. Qxh7+ Kf8 31. Kh1 Rd8 32. Qh8+ Kf7 33. Qh7+
Kf8 34. Qh8+ Kf7 35. Qh7+ Kf8 36. Qh8+ 1/2-1/2

[Event "GAMMA Reykjavik Open 2019"]
[Site "Reykjavik ISL"]
[Date "2019.04.10"]
[Round "4.50"]
[White "Fridjonsson, Julius"]
[Black "Carr, Jay"]
[Result "1-0"]
[WhiteElo "2117"]
[BlackElo "1832"]
[WhiteFideId "2300842"]
[BlackFideId "30922690"]
[EventDate "2019.04.08"]

1. c4 Nf6 2. Nc3 e6 3. e4 d5 4. cxd5 exd5 5. e5 d4 6. exf6 dxc3 7. Bb5+ c6 8.
Qe2+ Be6 9. Bc4 cxd2+ 10. Bxd2 Qxf6 11. Nf3 Nd7 12. O-O h6 13. Bc3 Qg6 14. Rfe1
O-O-O 15. Bxe6 Qxe6 16. Qxe6 fxe6 17. Rxe6 Nc5 18. Rg6 Ne4 19. Bd4 a6 20. Re1
Nd2 21. Bb6 Nxf3+ 22. gxf3 Bb4 23. Re4 Rd6 24. Rxg7 c5 25. Bc7 Rc6 26. Be5 Rf8
27. Kg2 Bd2 28. b3 b5 29. Ra7 Rg6+ 30. Kf1 Rd8 31. Rc7+ 1-0

[Event "GAMMA Reykjavik Open 2019"]
[Site "Reykjavik ISL"]
[Date "2019.04.10"]
[Round "4.51"]
[White "Munshi, Aditya"]
[Black "Ottesen, Oddgeir"]
[Result "1-0"]
[WhiteElo "2113"]
[BlackElo "1813"]
[WhiteFideId "436720"]
[BlackFideId "2306816"]
[EventDate "2019.04.08"]

1. e4 e6 2. d4 d5 3. Nd2 c5 4. exd5 Qxd5 5. Ngf3 cxd4 6. Bc4 Qd6 7. O-O Nf6 8.
Nb3 Nc6 9. Nbxd4 Nxd4 10. Nxd4 Bd7 11. Re1 O-O-O 12. c3 Bc6 13. Nxc6 Qxc6 14.
Qe2 h6 15. Be3 Bc5 16. Bc1 g5 17. b4 Bd6 18. Be3 b5 19. Bd4 Rhg8 20. Bc5 Qb7 1-0

[Event "GAMMA Reykjavik Open 2019"]
[Site "Reykjavik ISL"]
[Date "2019.04.10"]
[Round "4.55"]
[White "Haraldsson, Haraldur"]
[Black "Hallsson, Jon Eggert"]
[Result "1-0"]
[WhiteElo "2027"]
[BlackElo "1710"]
[WhiteFideId "2311100"]
[BlackFideId "2311569"]
[EventDate "2019.04.08"]

1. e4 e6 2. d4 d5 3. exd5 exd5 4. Bd3 Bd6 5. c3 Nf6 6. Nf3 Bg4 7. O-O Nc6 8.
Re1+ Ne7 9. Bg5 Qd7 10. Nbd2 O-O-O 11. Qc2 h6 12. Bh4 Nf5 13. Bxf6 gxf6 14. h3
Bxh3 15. gxh3 Rhg8+ 16. Kf1 Nh4 17. Nxh4 Qxh3+ 18. Ke2 Rde8+ 19. Kd1 Rxe1+ 20.
Kxe1 Qxh4 21. Nf1 Re8+ 22. Be2 Bf4 23. Qf5+ Kb8 24. Rd1 c6 25. Rd3 Qg5 26. Qd7
Rg8 27. Qxf7 Bc1 28. Rg3 1-0